000 00482cam a22002051 4500
001 sa 66004728
003 DLC
005 20260227112244.0
008 890620s1962 ii 000 0 hino
010 _asa 66004728
035 _a(OCoLC)19900901
040 _aDLC
_cWaU
_dDLC
042 _apremarc
050 0 0 _aPK2098.S49
_bN3
100 1 _aSharma, Shri Ram,
_d1909-
245 1 0 _aNadī kā moṛa.
260 _c[1962]
300 _a4, 208 p.
_c22 cm.
500 _aIn Hindi.
999 _c69549
_d69549